000 00510nmm a2200169Ia 4500
008 251105s9999||||xx |||||||||||||||||und||
020 _a9789587843439
041 _aspa
100 _aValenzuela Amaya, Santiago
245 0 _aAyudando a los chilangos
264 _a[Bogotá, Colombia] :
_bUniversidad del Rosario,
_c2019
300 _a342 páginas
490 _aTextos de Ciencias Humanas
650 _aEmigration and immigration
856 _uhttps://public.digitaliapublishing.com/a/65227
942 _cCF
999 _c96407
_d96407